Killing fields, living fields : (Record no. 1682)

MARC details
000 -LEADER
fixed length control field 01020cam a2200289 a 4500
001 - CONTROL NUMBER
control field 4501162
003 - CONTROL NUMBER IDENTIFIER
control field GBCCL
005 - DATE AND TIME OF LATEST TRANSACTION
control field 20241126110407.0
008 - FIXED-LENGTH DATA ELEMENTS--GENERAL INFORMATION
fixed length control field 991222s1997 enkab b 001 0 eng d
020 ## - INTERNATIONAL STANDARD BOOK NUMBER
International Standard Book Number 1854243721
035 ## - SYSTEM CONTROL NUMBER
System control number (OCoLC)ocn686254603
035 ## - SYSTEM CONTROL NUMBER
System control number 4501162
040 ## - CATALOGING SOURCE
Original cataloging agency VRD
Transcribing agency VRD
Modifying agency OCL
-- NIC
043 ## -
-- a-cb---
050 #4 -
-- BR1185
-- .C67 1997
082 04 - DEWEY DECIMAL CLASSIFICATION NUMBER
Classification number 275.96
Item number COR
100 1# - MAIN ENTRY--PERSONAL NAME
Personal name Cormack, Don.
9 (RLIN) 3449
245 10 - TITLE STATEMENT
Title Killing fields, living fields :
Remainder of title an unfinished portrait of the Cambodian church, the church that would not die /
Statement of responsibility, etc. Don Cormack ; [foreword by Peter Lewis].
260 ## - PUBLICATION, DISTRIBUTION, ETC.
Place of publication, distribution, etc. [Sevenoaks, Kent, UK] :
Name of publisher, distributor, etc. OMF International ;
Place of publication, distribution, etc. Crowborough :
Name of publisher, distributor, etc. MARC,
Date of publication, distribution, etc. 1997.
300 ## - PHYSICAL DESCRIPTION
Extent 463 p. :
Other physical details ill., map ;
Dimensions 20 cm.
504 ## - BIBLIOGRAPHY, ETC. NOTE
Bibliography, etc. note Includes bibliographical references and index.
650 #0 - SUBJECT ADDED ENTRY--TOPICAL TERM
Topical term or geographic name entry element Christianity
Geographic subdivision Cambodia.
9 (RLIN) 3450
651 #0 - SUBJECT ADDED ENTRY--GEOGRAPHIC NAME
Geographic name Cambodia
General subdivision Church history.
9 (RLIN) 3451
651 #0 - SUBJECT ADDED ENTRY--GEOGRAPHIC NAME
Geographic name Cambodia
General subdivision History
Chronological subdivision Civil War, 1970-1975.
9 (RLIN) 3452
651 #0 - SUBJECT ADDED ENTRY--GEOGRAPHIC NAME
Geographic name Cambodia
General subdivision History
Chronological subdivision 1975-1979.
9 (RLIN) 3453
942 ## - ADDED ENTRY ELEMENTS (KOHA)
Source of classification or shelving scheme Dewey Decimal Classification
Koha item type Books
Holdings
Withdrawn status Lost status Source of classification or shelving scheme Damaged status Not for loan Home library Current Library Shelving location Date acquired Total checkouts Full call number Barcode Date last seen Copy number Price effective from Koha item type
    Dewey Decimal Classification     GRACE BIBLE COLLEGE GRACE BIBLE COLLEGE Church History 2017-05-10   275.96 COR 009765 2025-05-01 c.1 2017-05-10 Books
© Grace Bible College Library 2025